Southville International School and Colleges
Your cart is empty.
  • Cart
  • Lists
    Public lists Eva Luna New books Lux_list list_1
    Your lists Log in to create your own lists
  • Log in to your account
  • Your cookies
  • Search history
Southville International School and Colleges
  • Advanced search
  • Recent comments
  • Most popular
  • Libraries

Log in to your account

Log in with GOOGLE


If you do not have an external account, but do have a local account, you can still log in:

  1. Home
  2. MARC view: The management function of organizing applied to the school setting /
Normal view MARC view ISBD view

The management function of organizing applied to the school setting / (Record no. 12616)

[ view plain ]
MARC details
000 -LEADER
fixed length control field 00634nam a22002057a 4500
003 - CONTROL NUMBER IDENTIFIER
control field OSt
005 - DATE AND TIME OF LATEST TRANSACTION
control field 20160531152129.0
008 - FIXED-LENGTH DATA ELEMENTS--GENERAL INFORMATION
fixed length control field 131002t xxu||||| |||| 00| 0 eng d
020 ## - INTERNATIONAL STANDARD BOOK NUMBER
International Standard Book Number 971922214x
050 ## - LIBRARY OF CONGRESS CALL NUMBER
Classification number HD 31
Item number .M777 2003
082 ## - DEWEY DECIMAL CLASSIFICATION NUMBER
Classification number GLT 371.2
Item number M76 2003
100 ## - MAIN ENTRY--PERSONAL NAME
Personal name Montenegro, Ruel A.
9 (RLIN) 21522
245 ## - TITLE STATEMENT
Title The management function of organizing applied to the school setting /
260 ## - PUBLICATION, DISTRIBUTION, ETC. (IMPRINT)
Place of publication, distribution, etc Las Pinas City, Philippines :
Name of publisher, distributor, etc SISC Systems Publication,
Date of publication, distribution, etc 2003
300 ## - PHYSICAL DESCRIPTION
Extent 148 p. :
Other physical details ill. ;
Dimensions 27 cm.
651 ## - SUBJECT ADDED ENTRY--GEOGRAPHIC NAME
Geographic name School management and organization
9 (RLIN) 22703
651 ## - SUBJECT ADDED ENTRY--GEOGRAPHIC NAME
Geographic name Title
9 (RLIN) 22704
942 ## - ADDED ENTRY ELEMENTS (KOHA)
Source of classification or shelving scheme Library of Congress Classification
Koha item type Books
Holdings
Withdrawn status Lost status Source of classification or shelving scheme Damaged status Home library Current library Shelving location Date acquired Source of acquisition Total Checkouts Full call number Barcode Date last seen Date checked out Copy number Price effective from Koha item type
    Library of Congress Classification   Luxembourg Library Luxembourg Library Genevive Ledesma - Tan Section 10/02/2013 Donation 1 HD 31 .M777 2003 11935 05/24/2017 05/23/2017 1 10/02/2013 Books

The management function of organizing applied to the school setting /

APA

Montenegro R. A., . (2003). The management function of organizing applied to the school setting. Las Pinas City, Philippines: SISC Systems Publication.

Chicago

Montenegro Ruel A, . 2003. The management function of organizing applied to the school setting. Las Pinas City, Philippines: SISC Systems Publication.

Harvard

Montenegro R. A., . (2003). The management function of organizing applied to the school setting. Las Pinas City, Philippines: SISC Systems Publication.

MLA

Montenegro Ruel A, . The management function of organizing applied to the school setting. Las Pinas City, Philippines: SISC Systems Publication. 2003.

  • Place hold
  • Print
  • Cite
  • Add to your cart (remove)
  • Save record
    BIBTEX Dublin Core MARCXML MARC (non-Unicode/MARC-8) MARC (Unicode/UTF-8) MARC (Unicode/UTF-8, Standard) MODS (XML) RIS
  • More searches
    Search for this title in:
    Other Libraries (WorldCat) Other Databases (Google Scholar) Online Stores (Bookfinder.com) Open Library (openlibrary.org)

Exporting to Dublin Core...

SOUTHVILLE LIBRARY

Southville International School and Colleges Library

1281 Tropical Ave. Cor. Luxembourg St., BF Homes International, Las Pinas City

Tel. No. 8256374 / 252358 Loc. 117/146

Powered by Koha